000
00302nam a2200109 4500
999
_c
10132
_d
10132
008
180802b ||||| |||| 00| 0 eng d
245
_a
Seminar on business writing skills set.
260
_a
Philippines
_b
The Philippine Star
_c
c2017
300
_a
page B2.
650
0
_9
29925
_a
Writing.
942
_2
ddc
_c
PER